Folklore y arte popular de Pica y Matilla

Salvato in:
Dettagli Bibliografici
Autore principale: Plath, Oreste (Autore)
Natura: Libro
Lingua:spagnolo
Pubblicazione: Santiago Departamento de Extensión Universitaria y Acción Social. Universidad de Chile 1968
Soggetti:
Tags: Aggiungi Tag
Nessun Tag, puoi essere il primo ad aggiungerne!!

MARC

LEADER 00000nam a2200000 a 4500
001 UCZ6838
003 CL-VaPUC
008 951215e19680000CL |||||||||||||||||spa|d
082 0 4 |a 398  |b PLA  |2 21 
100 0 |a Plath, Oreste  |e author  |9 330038 
245 1 0 |a Folklore y arte popular de Pica y Matilla 
300 |a 98 p 
942 |c BK 
945 |d 19951215 00:00:00  |a lriquelm 
260 |a Santiago  |b Departamento de Extensión Universitaria y Acción Social. Universidad de Chile  |c 1968 
650 7 |a FOLKLORE  |2 CL-VaPUC  |9 268291 
650 0 |a Antropología cultural y social   |9 265143 
650 0 |a Costumbres y tradiciones   |9 268292 
650 0 |a Cultura  |9 269059 
651 0 |a Pica  |9 351382 
651 0 |a Matilla  |9 351383 
651 7 |a CHILE  |2 CL-VaPUC  |9 351384 
583 |a last modification  |c 19951215 00:00:00  |k Rodrigo Vera 
999 |c 242995  |d 242993 
952 |0 0  |1 0  |4 0  |6 398_000000000000000_PLA_1968  |7 0  |8 X  |9 256346  |a FDOMLP  |b FDOMLP  |d 2019-11-19  |i 3901505  |o 398 PLA 1968  |p 3901505  |r 2019-11-19  |w 2019-11-19  |y BK_X  |k BU2